Alfabetización: lectura de la palabra y lectura de la realidad
Збережено в:
| Автори: | , |
|---|---|
| Формат: | Книга |
| Мова: | Іспанська |
| Опубліковано: |
Barcelona
Paidos
1989
|
| Серія: | Temas de Educación. Paidos, 16
|
| Предмети: | |
| Теги: |
Додати тег
Немає тегів, Будьте першим, хто поставить тег для цього запису!
|
MARC
| LEADER | 00000nam a2200000 a 4500 | ||
|---|---|---|---|
| 001 | UCW7520 | ||
| 003 | CL-VaPUC | ||
| 005 | 20250310103122.0 | ||
| 008 | 930406e19890000SP |||||||||||||||||spa|d | ||
| 999 | |c 220245 |d 220243 | ||
| 020 | |a 8475095682 | ||
| 040 | |c Pontificia Universidad Católica de Valparaíso | ||
| 082 | 0 | 4 | |a 379.24 |b FRE |2 21 |
| 100 | |a Freire, Paulo |e autor |9 352356 | ||
| 245 | 1 | 0 | |a Alfabetización: lectura de la palabra y lectura de la realidad |
| 260 | |a Barcelona |b Paidos |c 1989 | ||
| 300 | |a 176 p | ||
| 490 | 0 | |a Temas de Educación. Paidos, 16 | |
| 583 | |a last modification |c 20180322 13:02:23 |k Rodrigo Vera | ||
| 650 | 0 | |a Alfabetización |9 310435 |x Pedagogía | |
| 700 | 0 | |a Macedo, Donaldo |e author |9 312675 | |
| 942 | |c BK |2 ddc | ||
| 945 | |d 19930406 00:00:00 | ||
| 952 | |0 0 |1 0 |4 0 |6 379_240000000000000_FRE_1989 |7 0 |8 A |9 212206 |a BIBEDU |b BIBEDU |d 2019-11-15 |i 4210735 |o 379.24 FRE 1989 |p 4210735 |r 2019-11-15 |w 2019-11-15 |y BK |k PAR | ||
| 952 | |0 0 |1 0 |4 0 |6 379_240000000000000_FRE_1989 |7 0 |8 A |9 212207 |a BIBEDU |b BIBEDU |d 2019-11-15 |i 4362969 |l 1 |o 379.24 FRE 1989 |p 4362969 |r 2025-03-10 |s 2025-03-10 |w 2019-11-15 |y BK |k PSI | ||